| 000 | 00503njm a2200181 i 4500 | ||
|---|---|---|---|
| 001 | C2-0344433 | ||
| 003 | PPAK | ||
| 005 | 20180729152605.0 | ||
| 008 | 171231s2016 my |||| ||||| | may d | ||
| 040 |
_aPPAK _beng _cPPAK _erda |
||
| 245 | 0 | 0 | _aDahsyat |
| 264 | 1 |
_aKuala Lumpur : _bRusa Marketing Sdn. Bhd. , _c2016 |
|
| 336 |
_2rdacontent _atext |
||
| 337 |
_2rdamedia _aunmediated |
||
| 338 |
_2rdacarrier _avolume |
||
| 650 | 1 | 0 | _aSongs, Malay - Malaysia. ; Popular music - Malaysia. |
| 942 |
_ddc _cB |
||
| 999 |
_c164038 _d164038 |
||